| 000 | 00556nam a2200193 a 4500 | ||
|---|---|---|---|
| 001 | 000027009 | ||
| 003 | DO-SdBNP | ||
| 005 | 20220204123402.0 | ||
| 008 | 110328s1982 dr a 000 0 spa d | ||
| 040 |
_aDO-SdBNP _bspa _cBNPHU |
||
| 082 | _bS211a | ||
| 100 | 1 |
_aSánchez, Federico _926611 |
|
| 245 | 1 | 0 |
_aAlineación y medios de comunicación / _bFederico Sánchez. |
| 260 |
_aSanto Domingo : _bTaller, _c1982. |
||
| 300 |
_a112 p. : _bil. ; _c21 cm. |
||
| 490 |
_aBiblioteca taller _v135 |
||
| 830 | 0 |
_aBiblioteca taller _n135 _954107 |
|
| 942 |
_2ddc _cLBS1 |
||
| 999 |
_c26501 _d26501 |
||